Gaming Quiz

Random Gaming or Pokémon Quiz

Top Pokemon by Scrabble Score Quiz Stats

 Plays Quiz Updated Feb 16, 2014

     
Support Sporcle.
Go Orange.
Score 0/31 Timer 10:00
7 Plays Today
Score Pokémon % Correct
24Charizard
73.5%
18Pikachu
65.6%
18Zapdos
63.1%
21Jynx
51.5%
17Squirtle
50.2%
23Alakazam
48.1%
18Charmander
48.1%
32Electabuzz
46.4%
17Charmeleon
46.1%
22Kangaskhan
43.7%
30Jigglypuff
42.6%
24Wigglytuff
39.7%
19Nidoqueen
38.4%
17Victreebel
37.7%
18Exeggutor
36.1%
20Exeggcute
35.1%
Score Pokémon % Correct
17Magikarp
34.7%
18Vulpix
34.2%
20Weezing
33.8%
17Weepinbell
32.4%
20Hitmonchan
32.2%
17Poliwrath
29.5%
18Koffing
28.8%
17Poliwhirl
28%
21Farfetch'd
28%
20Drowzee
27.2%
18Machamp
26.8%
18Machoke
25.9%
19Psyduck
24.6%
17Slowpoke
20.8%
17Krabby
16.3%

From the Vault

Full Name Films

by Propellerhead

Movies 4m
Sometimes it's just straightforward and effective to name your film after the main character.
Remove Ads.
Support Sporcle.
Get the best of Sporcle when you Go Orange. This ad-free experience offers more features, more stats, and more fun while also helping to support Sporcle. Thank you for becoming a member.

Show Comments

Extras

Top Quizzes Today


Score Distribution

Your Account Isn't Verified!

In order to create a playlist on Sporcle, you need to verify the email address you used during registration. Go to your Sporcle Settings to finish the process.

Report this User

Report this user for behavior that violates our Community Guidelines.

Details: